000 00663nam a2200193Ia 4500
001 67177
003 OSt
005 20150701113915.0
008 150604s9999 xx 000 0 und d
020 _a9789695990117
040 _cPK-LaUMT
082 _a 891.4393
_bSHA-K
100 _aShaukat Ali Khan Fani Badani(شوکت علی خان فانی بدنی)
245 _aKulliyyaat-e-Fani (Urdu)(کلیات فانی)
_cShaukat Ali Khan Fani Badani(شوکت علی خان فانی بدنی)
260 _aLahore,Pakistan:(لاہور، پاکستان )
_bAbdullah Academy,(عبداللہ اکیڈمی)
_c2012
300 _a288 p.
546 _aUR
942 _cBK
_2ddc
999 _c72567
_d72567